Cây họ đậu nhiệt đới làm thức ăn gia súc

Gardado en:
Detalles Bibliográficos
Autor Principal: Dương Thanh Liêm
Formato: Libro
Idioma:Undetermined
Publicado: Tp. HCM Nxb. Tp. HCM 1982
Những chủ đề:
Các nhãn: Engadir etiqueta
Sen Etiquetas, Sexa o primeiro en etiquetar este rexistro!
Thư viện lưu trữ: Trung tâm Học liệu Trường Đại học Cần Thơ
LEADER 00648nam a2200181Ia 4500
001 CTU_13875
008 210402s9999 xx 000 0 und d
082 |a 633.3 
082 |b Th462 
100 |a Dương Thanh Liêm 
245 0 |a Cây họ đậu nhiệt đới làm thức ăn gia súc 
245 0 |c Dương Thanh Liêm,Nguyễn Văn Uyển,Dương Hữu Thời 
260 |a Tp. HCM 
260 |b Nxb. Tp. HCM 
260 |c 1982 
650 |a animal feeding,feeds 
904 |i Minh, Mai chuyển số PL từ 636.085 thành 633.3 chưa in nhãn 
980 |a Trung tâm Học liệu Trường Đại học Cần Thơ